000 00282nam a2200109Ia 4500
001 1260242
005 20260417140328.0
008 260417s9999 xx 000 0 und d
020 _a9786256910805
245 0 _aŞehirde Köşe Bucak
_cCahit Zarifoğlu
260 _bKetebe Yayınları
999 _c1260242
_d1260242